000 01476nam0a2200337 4500
001 RU\NLR\bibl\1706490
005 20260408203631.0
010 _a978-5-8263-0138-8
_9300
035 _a(nilc)RSL-KNO-004582501
035 _a(NLR Aleph) 001697537
090 _a1199586
_c1199586
100 _a20100216d2009 |||y0rusy50 ca
101 0 _arus
102 _aRU
105 _aa zzzz|||||
200 1 _aУбийство матерью новорожденного ребенка: проблемы ответственности в российском и зарубежном уголовном законодательстве
_eмонография
_fЕ. И. Грубова
_gНижегородская правовая акад.
210 _aНижний Новгород
_cНижегородская правовая акад.
_d2009
215 _a131 с.
_cил., табл.
_d20
320 _aБиблиогр.: с. 116
606 _aНоворожденные дети
_xУбийство матерью
_xУголовная ответственность
_3RU\NLR\auth\661545087
_92608529
686 _aХ628.111.311,0
_2rubbk
686 _aХ881.9(2)115.1,0
_2rubbk
686 _aХ628.111.311.2
686 _aХ881.115.9
700 1 _aГрубова
_bЕ. И.
_gЕкатерина Игоревна
_4070
801 0 _aRU
_bРГБ
_c20100216
_grcr
801 1 _aRU
_bРГБ
_c20100216
801 2 _aRU
_bNLR
_c20101126
_grcr
942 _cBOOK
980 _aNB